| 000 | 00614nam a2200181 i 4500 | ||
|---|---|---|---|
| 001 | 53114 | ||
| 003 | ES-MaACL | ||
| 005 | 20250808231302.0 | ||
| 007 | t| | ||
| 008 | 031009s1845 fr ||||1| fre d | ||
| 100 | 1 |
_aDu Boys, Albert. _9126846 |
|
| 245 | 1 | 0 |
_aHistoire du droit criminel des peuples anciens depuis la formation des sociétés jusqu'áa l'établissement du christianisme / _cpar Albert du Boys. |
| 260 |
_aParis : _b[s.n.], _c1845 ( _fWittersheim) |
||
| 300 |
_a717 p. ; _c21 cm. |
||
| 650 | 7 |
_aDerecho penal- _xHistoria _2 _9164974 |
|
| 852 |
_aES-MaACL _jC-3470 |
||
| 999 |
_c53114 _d53114 |
||